Überblick und Entwicklungen in der slowakischen Investmentbranche
Saved in:
| Main Author: | |
|---|---|
| Format: | Book Chapter |
| Language: | German |
| Subjects: | |
| Tags: |
No Tags, Be the first to tag this record!
|
MARC
| LEADER | 00000nla a2200000 4500 | ||
|---|---|---|---|
| 001 | 0195293 | ||
| 005 | 20240502073255.3 | ||
| 041 | 0 | |a ger | |
| 044 | |a SK | ||
| 245 | 1 | 0 | |a Überblick und Entwicklungen in der slowakischen Investmentbranche |c Sebastian Beilecke |
| 610 | 2 | 0 | |a spoločnosti investičné |
| 610 | 2 | 0 | |a kapitál finančný |
| 610 | 2 | 0 | |a financovanie investícií |
| 610 | 2 | 0 | |a Slovensko |
| 100 | 1 | |a Beilecke, Sebastian | |